00789cam a22002657a 4500003000500000005001700005008004100022010001000063011001000073035001000083040000900093100002400102245009900126260002600225300003000251490003900281650002600320650002000346650004500366650002400411700001600435700001500451700001800466830003900484CHAP20220329134956.0971013s1983 r 00010 d a28940 a29912 a34023 cCHAP00aLeguizamón, C. J.10aContribución al estudio de la resistencia parcial del cafeto a Hemileia vastatrix Berk & Br. a(s.l.) :bIICA,c1983 a24 p.b: ilus. ; gráfs. 0aPublicaciones misceláneosv; 45814aCaféxMejoramiento.14aCaféxPlagas.14aCaféxVariedades resistentes a plagas.14aHemileia vastatrix.0 aBieysee, D.0 aLotode, R.0 aMuller, R. A.0 aPublicaciones misceláneosv; 458